| 000 | 00583nam a22001937a 4500 | ||
|---|---|---|---|
| 003 | OSt | ||
| 005 | 20140310182457.0 | ||
| 008 | 130214t xxu||||| |||| 00| 0 eng d | ||
| 020 | _a9789746522458 | ||
| 050 |
_aRB 46.5 _b.St73 2010 |
||
| 100 |
_aStevens, Christine Dorresteyn _97953 |
||
| 245 |
_aClinical immunology & serology : _ca laboratory perspective / _bChristine Dorresteyn Stevens. |
||
| 260 |
_aPhiladelphia, PA. : _bF.A. Davis, _c2010. |
||
| 300 |
_axvi. 454 p. ; _c28 cm. _bill. ; |
||
| 942 |
_2lcc _cSSLC |
||
| 999 |
_c13749 _d13749 |
||